00772nam a2200241Ia 45000010006000000050017000060070003000230080041000260200018000670400025000850410008001100820025001181000027001432450065001702500014002352600044002493000027002936530032003206530015003529420012003679520134003799990017005131686820240113235733.0ta051222s1993 a g b000 u asm u a81-7331-019-X aCotton College,Assam aasm a891.41308bMe 468 Ch aMedhi, Surendra Nath . 0aChintar Beg Kiman /cSurendra Nath Medhi.hTextual Documents a1st ed. / aGuwahati :bLawyers Book Stall ,c1993. a123p. :bill ;c22cm . aAssamese Essays-Collections aG-Assamese 2ddccBK 001040708Circulation (G)aSKBLbSKBLd2012-02-01f00000l0o891.41308 Me 468 Chp88092r2024-01-13 00:00:00t1w2012-02-01yBK c16850d16850